| 000 | 00780nam a2200253 i 4500 | ||
|---|---|---|---|
| 001 | 66406 | ||
| 003 | ES-MaACL | ||
| 005 | 20230906165629.0 | ||
| 007 | t| | ||
| 008 | 040213s2001 xxk ||||1| eng d | ||
| 020 | _a0-19-860398-3 | ||
| 080 | _a39(410.1) | ||
| 100 | 1 |
_aSimpson, Jacqueline. _9106595 |
|
| 245 | 1 | 2 |
_aA dictionary of English folklore / _cJacqueline Simpson & Steve Roud. |
| 260 |
_aOxford : _bOxford University Press, _c2001. |
||
| 300 |
_a412 p. ; _c20 cm. |
||
| 490 | 1 | _aOxford paperback reference | |
| 504 | _aBibliografia p.405-412. | ||
| 650 | 1 | 4 |
_aFolklore- _zInglaterra- _vDiccionarios. _912917 |
| 700 | 1 |
_aRoud, Steve. _9100007 |
|
| 830 | 0 |
_aOxford paperback reference _9183005 |
|
| 852 |
_aES-MaACL _jL-26861 _bR.132400 |
||
| 999 |
_c66406 _d66406 |
||